Jednoduchý experiment vo fyzike a možnosti internetu

Bibliographic Details
Main Author: Beňuška, Jozef, 1959- (Author)
Format: Book
Language:Slovak
PhysicalDescription:60 strán fotografie, ilustrácie 21 cm
Published: Banská Bystrica Metodicko-pedagogické centrum 2003
ISBN:8080414548
Edition:[1. vyd.]
Series:Sekundárne vzdelávanie
Subjects:

MARC

LEADER 00000cam a2200000 a 4500
001 vtls001459749
003 SK-MaSNL
005 20260302002626.0
008 240226s2003 xo oa grfn 000 0 slo
015 |a SNBA2003/08-02686 
020 |a 8080414548 
035 |a SNK000415056 
035 |a urn:nbn:sk:snk-am3iwyi 
035 |a E4189DE7-B8A0-44BB-8F2F-7AB7F4A300B7 
035 |a urn:nbn:sk:snk-am00g42r 
040 |a SNK  |b slo  |c SNK  |e AACR2 
041 0 |a slo 
044 |a xo  |c SK 
072 7 |a 53  |x Fyzika  |2 konspekt 
072 7 |a 371  |x Školstvo (organizácia)  |2 konspekt 
080 |a 53  |2 2011 
080 |a 53:001.891.5  |2 2011 
080 |a 37.016.026  |2 2011 
080 |a 37.091.3:004  |2 2011 
080 |a 004.738.5  |2 2011 
080 |a (072)  |2 2011 
100 1 |a Beňuška, Jozef,  |d 1959-  |4 aut  |9 209010 
245 1 0 |a Jednoduchý experiment vo fyzike a možnosti internetu  |c Jozef Beňuška 
250 |a [1. vyd.] 
260 |a Banská Bystrica  |b Metodicko-pedagogické centrum  |c 2003 
300 |a 60 strán  |b fotografie, ilustrácie  |c 21 cm 
366 |e 340 kusov 
490 1 |a Sekundárne vzdelávanie 
504 |a Bibliografia na strane 60 
650 0 7 |a fyzika  |2 SNKPH  |9 816 
650 0 7 |a fyzikálne pokusy  |2 SNKPH  |9 68156 
650 0 7 |a didaktika vyučovacích predmetov  |2 SNKPH  |9 4030 
650 0 7 |a počítačom podporované vyučovanie  |2 SNKPH  |9 66766 
650 0 7 |a internet  |2 SNKPH  |9 1833 
655 7 |a metodické príručky  |2 SNKPH  |9 70250 
830 0 |a Sekundárne vzdelávanie  |9 298093 
919 |a 80-8041-454-8 
958 |a NB 
958 |a OND 
999 |c 988813  |d 990743 
952 |t P60, <03>, [BOOK], {603}  |a SNK  |b SNK  |y PREZ  |7 0  |p 17A0396773  |o snkSC 112979  |i snkKSP 11738/2003  |0 0  |1 0  |4 0  |d 2003-09-10  |f 1  |l 0  |r 2025-10-02 00:00:00  |w 2026-02-24 
952 |t P60, <04>, [BOOK], {604}  |a SNK  |b SNK  |y VYP  |7 0  |p 17A0396774  |o snkSC 112979 D1  |i snkKSP 11739/2003  |0 0  |1 0  |4 0  |d 2003-09-10  |l 0  |r 2005-01-02 00:00:00  |w 2026-02-24